| 000 | 00721nam a2200205Ii 4500 | ||
|---|---|---|---|
| 003 | JO-AjNU | ||
| 008 | 230605s9999||||xx |||||||||||||| ||und|| | ||
| 020 | _a978-977-308-676-3 | ||
| 040 |
_aJO-AjNU _bara _erda _cJO-AjNU |
||
| 041 | _aara | ||
| 050 | 1 | 4 | _aR143 2020 |
| 100 | 3 |
_aرجب، مصطفى, _eauthor _961864 |
|
| 245 | 0 | 0 | _aتاريخ تعليم الطب في البلاد العربية |
| 264 | 3 | 1 | _aدسوق: دار العلم والايمان؛ الجزائر:دار الجديد للنشر والتوزيع، 2020 |
| 300 | _a160ص | ||
| 336 |
_atext _btxt _2rdacontent |
||
| 337 |
_aunmediated _bn _2rdamedia |
||
| 338 |
_avolume _bnc _2rdacarrier |
||
| 650 | 4 |
_aالطب- تعليم وتدريس _961865 |
|
| 999 |
_aA27985 _c31553 _d31553 |
||